header

International communication and globalization (Record no. 191140)

MARC details
000 -LEADER
fixed length control field 01545nam a2200325 a 4500
245 00 - TITLE STATEMENT
Title International communication and globalization
260 ## - PUBLICATION, DISTRIBUTION, ETC. (IMPRINT)
Place of publication London :
Name of publisher Sage Publications,
Year of publication 1997.
300 ## - PHYSICAL DESCRIPTION
Number of Pages vii, 228 p. :
Other physical details ill.
505 0# - FORMATTED CONTENTS NOTE
Formatted contents note pt. 1. Research in internatinal communication and globalization : contradictions and directions -- pt. 2. An overview of communication technology, deregulation policy and their impact on the developing countries -- pt. 3. The new paradigm and global morality -- pt. 4. Globalization, culture and the control of difference.
650 #0 - SUBJECT ADDED ENTRY--TOPICAL TERM
Topical Term Communication, International.
700 1# - ADDED ENTRY--PERSONAL NAME
Personal name Mohammadi, Ali.
856 40 - ELECTRONIC LOCATION AND ACCESS
Uniform Resource Identifier http://site.ebrary.com/lib/rucke/Doc?id=10392718

No items available.

© 2026 Rongo University
Contact us: librarian | system librarian | Rongo university